000 00576nam a2200193 i 4500
001 95757
003 ES-MaACL
005 20250819063046.0
007 t|
008 050603s1972 sp ||||1| cat d
100 1 _aLluch, Ernest,
_d1937-2000
_972961
245 1 0 _aPreus del sáol a Catalunya /
_cErnest Lluch, Joan Gaspar.
260 _aBarcelona :
_bBanca Catalana,
_c1972.
300 _a332 p., 5 pla. pleg. ;
_c23 cm.
700 1 _aGaspar, Joan.
_955882
710 2 _aBanca Catalana.
_92086
852 _aES-MaACL
_jC-44549
_bR.84004
999 _c95757
_d95757